000 00496nam a22001697a 4500
005 20251108170922.0
008 250721s9999 xx 000 0 ara d
082 1 4 _aط/790.19/احج
245 1 0 _aالأحجام و الأشكال والأرقام المسلية /
264 1 _aبيروت :
_bمكتبة لبنان،
_c[19-].
300 _a64ص : مص
490 0 _aسلسلة أنا أعمل
650 1 7 _aالتسلية
650 1 7 _aالأطفال
942 _2ddc
_cBK
999 _c52108
_d52108